Celebrity Deaths in 2025 - Statistics

General Stats
  • This quiz has been taken 85 times
  • The average score is 10 of 20
Answer Stats
Picture Hint Answer % Correct
English musician Ozzy Osbourne
93%
American wrestler Hulk Hogan
85%
Argentine Pope Pope Francis
82%
American actor Robert Redford
71%
American actor Val Kilmer
70%
American actress Diane Keaton
68%
American actor Gene Hackman
68%
American boxer George Foreman
67%
French actress Brigitte Bardot
62%
English primatologist Jane Goodall
59%
American filmmaker David Lynch
47%
Italian fashion designer Giorgio Armani
45%
American actor Michael Madsen
26%
American actor Richard Chamberlain
23%
English musician Chris Rea
21%
Austrian skydiver Felix Baumgartner
19%
English actor Terence Stamp
19%
Jamaican musician Jimmy Cliff
16%
Russian chess player Boris Spassky
14%
Italian actress Claudia Cardinale
14%
No matching quizzes found
Score Distribution
Percent of People with Each Score
Percentile by Number Answered
Your Score History
You have not taken this quiz